| 000 | 00697nam a2200217 a 4500 | ||
|---|---|---|---|
| 001 | BRCA_8174 | ||
| 005 | 20190320210149.0 | ||
| 008 | 070514s1960----fr-a###f##---#001-0#fre-# | ||
| 041 | _afre | ||
| 044 | _afr | ||
| 050 | 4 |
_aND810 _b.E9 _c1960 |
|
| 110 | 2 |
_aMusèe national du Louvre _920371 |
|
| 245 | 1 | 0 |
_aExposition de 700 tableaux de toutes les ècoles anterieurs a 1800 _btirés des réserves du departament des pintures _cMusèe National du Louvre. |
| 260 |
_aParis _bMusèe Nationaux _c1960 |
||
| 300 |
_a154 p. _c21 cm. |
||
| 500 | _aX75 | ||
| 650 | 1 | 4 |
_aObras de arte _vDirectorios _zFrancia _920372 |
| 650 | 1 | 4 |
_aObras de arte _vColecciones _zFrancia _920373 |
| 902 | _aGFM | ||
| 942 |
_2lcc _cB |
||
| 999 |
_c7842 _d7842 |
||